00581nam a22001937a 450000500170000001000150001702000260003203500140005803700130007208200080008524500890009326000370018227000550021930000210027470000240029570000210031970000260034070000210036620170728151103.0 aENG-119459 a9788125059202c225.00 aEN-102991 bDBAD/PUB a480 aPlumago :cedited by Jagdish M. Saboo...[et al]bcommunnication skills in English / aHydrabadbOrient BlackSwanc2017 a3-6-752,Himayat NagarbHydrabad (Telagana)e500029 a274p.b22cm(pbk) aby Saboo,Jagdish M. aVishwarupe,Vivek aNishtane,Ravinndra B. aMapari,Dimple D.